Loading...
| Fine Arts - Auditory | 1 | 2 | 0 | 0 | 35 | 48 | 69.67 | 2 | 3 | 0.00 | 0.00 |
| Literature - European | 0 | 3 | 0 | 1 | 30 | 96 | 118.67 | 1 | 3 | 0.00 | 0.00 |
| Fine Arts - Visual | 2 | 0 | 0 | 0 | 30 | 45 | 52.00 | 2 | 2 | 0.00 | 0.00 |
| Philosophy | 0 | 2 | 0 | 2 | 20 | 128 | 135.50 | 1 | 2 | 0.00 | 0.00 |
| History - American | 1 | 0 | 0 | 0 | 15 | 50 | 50.00 | 0 | 1 | 0.00 | 0.00 |
| Mythology | 0 | 1 | 0 | 1 | 10 | 147 | 147.00 | 0 | 1 | 0.00 | 0.00 |
| Science - Biology | 0 | 1 | 0 | 0 | 10 | 81 | 81.00 | 1 | 1 | 0.00 | 0.00 |
| Current Events | 0 | 1 | 0 | 0 | 10 | 93 | 93.00 | 1 | 1 | 0.00 | 0.00 |
| Science - Chemistry | 0 | 1 | 0 | 0 | 10 | 132 | 132.00 | 0 | 1 | 0.00 | 0.00 |
| Science - Other | 0 | 1 | 1 | 0 | 5 | 87 | 87.00 | 0 | 1 | 0.00 | 0.00 |
| Literature - British | 0 | 1 | 1 | 0 | 5 | 64 | 64.00 | 1 | 1 | 0.00 | 0.00 |
| Literature - American | 0 | 0 | 1 | 0 | -5 | 0.00 | 0 | 0 | 0.00 | 0.00 | |
| History - Other | 0 | 0 | 1 | 0 | -5 | 0.00 | 0 | 0 | 0.00 | 0.00 |